000 01082nam a22002057a 4500
999 _c62401
_d62401
003 Ge_BSU
005 20241022171747.0
008 241022s1968 ge ||||| |||| 00| 0 geo d
041 _ageo
080 _a611(075.8) თ-52
100 _aთვალაძე, გიორგი
_923491
245 _aადამიანის ანატომია:
_bნაწ. 1. სახელმძღვანელო ფიზიკური კულტურის ინსტიტუტის სტუდენტებისათვის /
_c გიორგი თვალაძე, რედ. მ.ღვინიაშვილი
250 _aმე-3 გადამუშ. და შევს. გამოცემა.
264 _aთბილისი :
_bგანათლება,
_c1968.
300 _a443 გვ. :
_bილ.
_c24 სმ.
653 _aადამიანის ანატომია
653 _aმედიცინა
700 _aღვინიაშვილი, მ.
_eრედაქტორი
_923491
942 _2udc
_cBK